000 00472nam a2200157 i 4500
001 78515
003 ES-MaACL
005 20230906173729.0
007 t|
008 041014s1941 sp ||||1| spa d
100 1 _aHarpole.
_961887
245 1 3 _aLa legión blanca /
_cpor Harpole (seud.) ; traducción de la tercera edición inglesa.
260 _aBarcelona :
_bSalvat,
_c1941 (
_fHispano-Americana)
300 _a286 p. ;
_c22 cm.
852 _aES-MaACL
_jF-16256
_bR.21324
999 _c78515
_d78515